000 00820nas a2200277 4500
001 BR0904550
003 BR-BrBNA
005 20231205113329.0
007 ta
008 230509b bl.|||p| |||| 00| 00por d
040 _aBR-BrBNA
_bpor
_cBiblioteca Nacional de Agricultura
041 _a(Pt)
072 _aQ80
100 1 _aCoelho, L.R.
100 1 _aLeonel, S.
100 1 _aCrocomo, W.B.
100 1 _aLabinas, A.M.
245 1 _aAvaliação de diferentes materiais no ensacamento de pêssegos
650 _aPÊSSEGO
650 _aEMBALAGEM
650 _aPÓS-COLHEITA
650 _aPROPRIEDADE FÍSICO-QUÍMICA
773 0 _tRevista Brasileira de Fruticultura (Brazil)
_xISSN 0100 2945
_g(Sep 2008), v. 30(3) p. 822-826
_wBR0904550
909 _a202311
_bLúcia
_c55
_dLúcia Elande
942 _2AGRIS
_n0
_cANA
999 _c203176
_d203176